000 00681nam a2200241 a 4500
999 _c4414
_d4414
001 4414
003 BD-JhCC
005 20171127104701.0
008 171127s1970 bg ||||| |||| 00| 0 eng d
035 _a(BD-JhCC)
040 _aBD-JhCC
_dBD-JhCC
041 _aeng
082 _a821.1
_bHUS 1970
100 _ahussain, Sajjad, Syed
245 _aEnglish Verse The young /
_cSyed Sajjad hussain : JalaluddinAhmed, Syed Rafiquddin Ahamed
260 _aDacca :
_bPurda Banga Press,
_c1970
300 _a191 p. :
_c22cm.
650 _aEnglish Verse
700 _ahussain, Sajjad, Syed
700 _aAhmed, Jalaluddin
700 _a Ahamed, Rafiquddin, Syed
942 _2ddc
_cBK